| 000 | 00679nam a22001817a 4500 | ||
|---|---|---|---|
| 999 |
_c4348 _d4348 |
||
| 003 | AR-CdUCM | ||
| 008 | 190308b ||||| |||| 00| 0 spa d | ||
| 040 |
_aMUNICIPALIDAD PROVINCIAL DEL CUSCO _cBIBLIOTECA MUNICIPAL DEL CUSCO |
||
| 082 |
_a780.9 / _bC81 |
||
| 100 |
_aCombarieu, J, _913738 |
||
| 245 |
_aHistorie de la Musique : _bDes origines a la mort d Beethovn / |
||
| 260 |
_aParís : _bLibrairie Armand Colin ; _c1913. |
||
| 300 |
_a703 páginas , _c23cm |
||
| 505 | _aContenido: La musique et la Magie -- Théorie du Rythme dans la composition musicale moderne -- Fragments de l'Énéideen musique... | ||
| 650 |
_aMusique _913739 |
||
| 942 |
_2ddc _cLIBROS |
||
| 945 | _anom | ||